Estudio químico del calostro y leche humanos con especial referencia a su composición en ácidos grasos (Record no. 142390)

MARC details
000 -LEADER
campo de control de longitud fija 00683nam a2200169 i 4500
001 - NÚMERO DE CONTROL
campo de control 142390
003 - IDENTIFICADOR DE NÚMERO DE CONTROL
campo de control ES-MaACL
005 - FECHA Y HORA DE LA ÚLTIMA TRANSACCIÓN
campo de control 20230906200517.0
007 - CAMPO FIJO DE DESCRIPCIÓN FÍSICA--INFORMACIÓN GENERAL
campo de control de longitud fija t|
008 - DATOS DE LONGITUD FIJA--INFORMACIÓN GENERAL
campo de control de longitud fija 071005s1981 sp ||||1| spa d
100 1# - ENTRADA PRINCIPAL--NOMBRE DE PERSONA
Nombre de persona Villacampa Rubio, María José.
9 (RLIN) 114905
245 10 - MENCIÓN DEL TÍTULO
Título Estudio químico del calostro y leche humanos con especial referencia a su composición en ácidos grasos
Resto del título : memoria presentada /
Mención de responsabilidad, etc. por María José Villacampa Rubio.
260 ## - PUBLICACIÓN, DISTRIBUCIÓN, ETC.
Lugar de publicación, distribución, etc. [Zaragoza :
Nombre del editor, distribuidor, etc. Caja de Ahorros de Zaragoza, Aragón y Rioja],
Fecha de publicación, distribución, etc. 1981.
300 ## - DESCRIPCIÓN FÍSICA
Extensión 260 p. ;
Dimensiones 24 cm.
710 2# - ENTRADA AGREGADA--NOMBRE DE ENTIDAD CORPORATIVA
Nombre de entidad corporativa o nombre de jurisdicción como elemento de entrada Caja de Ahorros y Monte de Piedad de Zaragoza, Aragón y Rioja.
9 (RLIN) 2326
852 ## - LOCALIZACIÓN
Ubicación ES-MaACL
Número de control de estantería L-4776
Sublocalización o colección R.105584
Holdings
Estatus retirado Estado de pérdida Estado de daño No para préstamo Biblioteca de origen Biblioteca actual Ubicación en estantería Fecha de adquisición Fuente de adquisición Total de préstamos Signatura topográfica completa Código de barras Visto por última vez Precio de reemplazo Tipo de ítem Koha
        Biblioteca del Ateneo de Madrid Biblioteca del Ateneo de Madrid Depósito 2 17/01/2008     L-4776 1148156 23/02/2023 23/02/2023 Libro impreso